The learning organization : and the needs for directors who think

Bibliographic Details
Main Author: Garratt, Bob (Author)
Format: Book
Language:English
Published: Aldershott, England : Gower 1987
Subjects:

MARC

LEADER 00000cam a2200000 7i4500
001 0000001148
005 20240924.0
008 991125 enk a eng
020 |a 0566027437 
040 |a INS   |b eng   |e rda 
090 0 0 |a HD31   |b .G37 1987 
100 1 |a Garratt, Bob ,   |e author 
245 1 0 |a The learning organization :   |b and the needs for directors who think   |c Bob Garratt 
264 1 |a Aldershott, England :   |b Gower   |c 1987 
264 4 |c ©1987 
300 |a 141 pages :   |b illustrations ;   |c 22 cm. 
336 |a text  |2 rdacontent 
337 |a unmediated  |2 rdamedia 
338 |a volume  |2 rdacarrier 
650 0 |a Management 
999 |a 0000003425   |b BOOK   |c Open Shelf   |e Default branch